| Поле | Название | Значение |
| |
Тип записи |
c |
| |
Библиографический уровень |
m |
| 001 |
Контрольный номер |
RU/УОНБ/EK_N/684337328 |
| 005 |
Дата корректировки |
20251120110101.7 |
| 010 |
Индекс ISBN |
__ |
| 9 |
Тираж |
48000 экз. |
| 013 |
Номер (ISMN) |
__ |
| d |
Цена |
1 р. |
| 071 |
Издательские номер (звукозапись и ноты) |
21 |
| a |
Номер, присвоенный агентством |
6587 |
| 100 |
Данные общей обработки |
__ |
| a |
Данные общей обработки |
20210907d1983 d y0rusy0189||||ca |
| 101 |
Язык документа |
0_ |
| a |
Язык текста |
rus |
| f |
Язык титульного листа |
rus |
| 102 |
Страна публикации |
__ |
| a |
Страна публикации |
RU |
| 105 |
Кодированные данные (монография) |
__ |
| a |
Кодированные данные (монография) |
y###||||000|y |
| 125 |
Кодированные данные звукозаписи и нотных изданий |
__ |
| a |
Форма изложения нотного текста |
с| |
| 128 |
Кодированные данные (звукозаписи-физические характеристики) |
__ |
| a |
Кодированные данные: Музыкальная форма и тональность или лад |
zz |
| b |
Инструменты или голоса, необходимые для ансамблей (устаревшее) |
cd|| |
| 200 |
Заглавие и сведения об ответственности |
1_ |
| a |
Заглавие |
Вып. 10 |
| f |
Первые сведения об ответственности |
сост. и перелож. И. Зикс |
| 210 |
Выходные данные |
1_ |
| d |
Дата издания |
1983 |
| 215 |
Физическое описание |
__ |
| a |
Объем |
72 с. |
| 327 |
Примечание о содержании |
11 |
| a |
Примечание о содержании |
Содерж. : Праздник в школе. Кац С. Партия и Ленин / сл. М. Пляцковского. - Туликов С. Мы - коммунисты / сл. П. Градова ; Бамовский вальс / сл. М. Пляцковского. - Пахмутова А. Любовь, Комсомол и Весна ; Беловежская пуща / сл. Н. Добронравова. - Фиготин Б. Вместе с тобой, Комсомол / сл. Е. Черных. - Бакалов Л. Наша столица / сл. В. Малкова. - Блантер М. В лесу прифронтовом / сл. М. Исаковского. - Богословский Н. Тёмная ночь : из кф. "Два бойца" / сл. В. Агатова. - Окуджава Б. Нам нужна одна победа : из кф. "Белорусский вокзал" / сл. Б. Окуджавы. - Судариков А. Сыны полков / сл. В. Суслова. - Шаинский В. Крейсер "Аврора" / сл. М. Матусовского. - Арманд П. Тучи над городом встали : из кф. "Человек с ружьём" / сл. П. Арманда. - Расстрел коммунаров : песня времён гражд. войны. - Фрадкин М. Всегда и снова : из тф. "Эти непослушные сыновья" / сл. Е. Долматовского. - Птичкин Е. Эхо любви : из кф. "Судьба" / сл. Р. Рождественского. - Морозов А. Камушки / сл. М. Рябинина. - Зацепин А. Куда уходит детство ; Найди себе друга : из кф. "Фантазии Веснухина" / сл. Л. Дербенёва. - Крылатов Е. Ольховая серёжка : из тф. "И это всё о нём" / сл. Е. Евтушенко. - Паулс Р. Наш город / сл. Я. Петерса ; рус. текст О. Гаджикасимова. - Мажуков А. Наша биография : из видеофильма "Наша биография" / сл. О. Писаржевской и А. Монастырева. - Мосяйкина О. Заздравная песня / сл. И. Уткина. - Шварц Л. Уж как пал туман на поле чистое / сл. нар. / обраб. А. Флярковского. - Розы Геренчера : венг. нар. песня / обраб. Б. Бартока ; рус. текст Т. Сикорской. - Как-то раз в лесу гуляла : фр. нар. песня. - Пляска на полях сомбреро : мексик. нар. песня / рус. текст Т. Сикорской. - Музыка для зарядки. Полянка : рус. нар. песня ; Курочка / обраб. Б. Кудрина. - Назаренко И. У костра. - Гуськов А. Две пьесы : Шагай, пионерия ; Игрушечный вальс. - Я сестричек позову : пол. нар. песня / обраб. А. Гуськова. - Киргизская песня ; Армянская песня / обраб. И. Назаренко. - Айра : башк. танец. - Украинский танец. |
| 461 |
Уровень набора |
_0 |
| 1 |
|
001RU/УОНБ/EK_N/683901462 |
| 1 |
|
200 |
| a |
|
Пение в школе |
| b |
|
Ноты |
| e |
|
в сопровожд. баяна или аккордеона |
| e |
|
пособие для учителя |
| v |
|
Вып. 10 |
| 1 |
|
210 |
| a |
|
М. |
| c |
|
Советский композитор |
| d |
|
1974 - |
| 464 |
Аналитический уровень |
_0 |
| 1 |
|
2001 |
| a |
|
Партия и Ленин |
| e |
|
Твой подвиг, Родина... |
| 1 |
|
700 1 |
| a |
|
Кац |
| b |
|
С. |
| 1 |
|
702 1 |
| a |
|
Пляцковский |
| b |
|
М. |
| 4 |
|
520 |
| 464 |
Аналитический уровень |
_0 |
| 1 |
|
2001 |
| a |
|
Мы - коммунисты |
| e |
|
В наших рядах миллионы... |
| 1 |
|
700 1 |
| a |
|
Туликов |
| b |
|
С. |
| 1 |
|
702 1 |
| a |
|
Градов |
| b |
|
П. |
| 4 |
|
520 |
| 464 |
Аналитический уровень |
_0 |
| 1 |
|
2001 |
| a |
|
Любовь, Комсомол и Весна |
| e |
|
Звени, отваги колокол... |
| 1 |
|
700 1 |
| a |
|
Пахмутова |
| b |
|
А. |
| 1 |
|
702 1 |
| a |
|
Добронравов |
| b |
|
Н. |
| 4 |
|
520 |
| 464 |
Аналитический уровень |
_0 |
| 1 |
|
2001 |
| a |
|
Вместе с тобой, Комсомол |
| e |
|
В будёновке старой... |
| 1 |
|
700 1 |
| a |
|
Фиготин |
| b |
|
Б. |
| 1 |
|
702 1 |
| a |
|
Черных |
| b |
|
Е. |
| 4 |
|
520 |
| 464 |
Аналитический уровень |
_0 |
| 1 |
|
2001 |
| a |
|
Наша столица |
| e |
|
Город великий наш... |
| 1 |
|
700 1 |
| a |
|
Бакалов |
| b |
|
Л. |
| 1 |
|
702 1 |
| a |
|
Малков |
| b |
|
В. |
| 4 |
|
520 |
| 464 |
Аналитический уровень |
_0 |
| 1 |
|
2001 |
| a |
|
В лесу прифронтовом |
| e |
|
С берёз - неслышен, невесом... |
| 1 |
|
700 1 |
| a |
|
Блантер |
| b |
|
М. |
| 1 |
|
702 1 |
| a |
|
Исаковский |
| b |
|
М. |
| 4 |
|
520 |
| 464 |
Аналитический уровень |
_0 |
| 1 |
|
2001 |
| a |
|
Тёмная ночь |
| e |
|
Тёмная ночь, только пули свистят по степи... |
| e |
|
из кф. "Два бойца" |
| 1 |
|
700 1 |
| a |
|
Богословский |
| b |
|
Н. |
| 1 |
|
702 1 |
| a |
|
Агатов |
| b |
|
В. |
| 4 |
|
520 |
| 1 |
|
50010 |
| a |
|
Два бойца |
| 464 |
Аналитический уровень |
_0 |
| 1 |
|
2001 |
| a |
|
Нам нужна одна победа |
| e |
|
Здесь птицы не поют... |
| e |
|
из кф. "Белорусский вокзал" |
| 1 |
|
700 1 |
| a |
|
Окуджава |
| b |
|
Б. |
| 1 |
|
702 1 |
| a |
|
Окуджава |
| b |
|
Б. |
| 4 |
|
520 |
| 1 |
|
50010 |
| a |
|
Белорусский вокзал |
| 464 |
Аналитический уровень |
_0 |
| 1 |
|
2001 |
| a |
|
Сыны полков |
| e |
|
Горнили "К бою!" трубы полковые... |
| 1 |
|
700 1 |
| a |
|
Судариков |
| b |
|
А. |
| 1 |
|
702 1 |
| a |
|
Суслов |
| b |
|
В. |
| 4 |
|
520 |
| 464 |
Аналитический уровень |
_0 |
| 1 |
|
2001 |
| a |
|
Крейсер "Аврора" |
| e |
|
Дремлет притихший северный город... |
| 1 |
|
700 1 |
| a |
|
Шаинский |
| b |
|
В. |
| 1 |
|
702 1 |
| a |
|
Матусовский |
| b |
|
М. |
| 4 |
|
520 |
| 464 |
Аналитический уровень |
_0 |
| 1 |
|
2001 |
| a |
|
Тучи над городом встали |
| e |
|
Тучи над городом встали... |
| e |
|
из кф. "Человек с ружьём" |
| 1 |
|
700 1 |
| a |
|
Арманд |
| b |
|
П. |
| 1 |
|
702 1 |
| a |
|
Арманд |
| b |
|
П. |
| 4 |
|
520 |
| 1 |
|
50010 |
| a |
|
Человек с ружьём |
| 464 |
Аналитический уровень |
_0 |
| 1 |
|
2001 |
| a |
|
Расстрел коммунаров |
| e |
|
Под частым разрывом... |
| e |
|
песня времён гражд. войны |
| 1 |
|
702 1 |
| a |
|
Беззубов |
| b |
|
Г. |
| 4 |
|
030 |
| 464 |
Аналитический уровень |
_0 |
| 1 |
|
2001 |
| a |
|
Всегда и снова |
| e |
|
Первый день весеннего тепла... |
| e |
|
из тф. "Эти непослушные сыновья" |
| 1 |
|
700 1 |
| a |
|
Фрадкин |
| b |
|
М. |
| 1 |
|
702 1 |
| a |
|
Долматовский |
| b |
|
Е. |
| 4 |
|
520 |
| 1 |
|
50010 |
| a |
|
Эти непослушные сыновья |
| 464 |
Аналитический уровень |
_0 |
| 1 |
|
2001 |
| a |
|
Эхо любви |
| e |
|
Покроется небо пылинками звёзд... |
| e |
|
из кф. "Судьба" |
| 1 |
|
700 1 |
| a |
|
Птичкин |
| b |
|
Е. |
| 1 |
|
702 1 |
| a |
|
Рождественский |
| b |
|
Р. |
| 4 |
|
520 |
| 1 |
|
50010 |
| a |
|
Судьба |
| 464 |
Аналитический уровень |
_0 |
| 1 |
|
2001 |
| a |
|
Камушки |
| e |
|
Речка быстрая, каменистая... |
| 1 |
|
700 1 |
| a |
|
Морозов |
| b |
|
А. |
| 1 |
|
702 1 |
| a |
|
Рябинин |
| b |
|
М. |
| 4 |
|
520 |
| 464 |
Аналитический уровень |
_0 |
| 1 |
|
2001 |
| a |
|
Куда уходит детство |
| e |
|
Куда уходит детство... |
| e |
|
из кф. "Фантазии Веснухина" |
| 1 |
|
700 1 |
| a |
|
Зацепин |
| b |
|
А. |
| 1 |
|
702 1 |
| a |
|
Дербенёв |
| b |
|
Л. |
| 4 |
|
520 |
| 1 |
|
50010 |
| a |
|
Фантазии Веснухина |
| 464 |
Аналитический уровень |
_0 |
| 1 |
|
2001 |
| a |
|
Ольховая серёжка |
| e |
|
Уронит ли ветер в ладони... |
| e |
|
из тф. "И это всё о нём" |
| 1 |
|
700 1 |
| a |
|
Крылатов |
| b |
|
Е. |
| 1 |
|
702 1 |
| a |
|
Евтушенко |
| b |
|
Е. |
| 4 |
|
520 |
| 1 |
|
50010 |
| a |
|
И это всё о нём |
| 464 |
Аналитический уровень |
_0 |
| 1 |
|
2001 |
| a |
|
Наш город |
| e |
|
Прекрасны осень и зима и лето... |
| 1 |
|
700 1 |
| a |
|
Паулс |
| b |
|
Р. |
| 1 |
|
702 1 |
| a |
|
Петерс |
| b |
|
Я. |
| 4 |
|
520 |
| 1 |
|
702 1 |
| a |
|
Гаджикасимов |
| b |
|
О. |
| 4 |
|
730 |
| 464 |
Аналитический уровень |
_0 |
| 1 |
|
2001 |
| a |
|
Наша биография |
| e |
|
Мокрый ветер в лицо хлестал... |
| e |
|
из видеофильма "Наша биография" |
| 1 |
|
700 1 |
| a |
|
Мажуков |
| b |
|
А. |
| 1 |
|
702 1 |
| a |
|
Писаржевская |
| b |
|
О. |
| 4 |
|
520 |
| 1 |
|
702 1 |
| a |
|
Монастырев |
| b |
|
А. |
| 4 |
|
520 |
| 1 |
|
50010 |
| a |
|
Наша биография |
| 464 |
Аналитический уровень |
_0 |
| 1 |
|
2001 |
| a |
|
Заздравная песня |
| e |
|
Что любится, чем дышится... |
| 1 |
|
700 1 |
| a |
|
Мосяйкина |
| b |
|
О. |
| 1 |
|
702 1 |
| a |
|
Уткин |
| b |
|
И. |
| 4 |
|
520 |
| 464 |
Аналитический уровень |
_0 |
| 1 |
|
2001 |
| a |
|
Уж как пал туман на поле чистое |
| e |
|
Эх, уж как пал туман на поле чистое... |
| 1 |
|
700 1 |
| a |
|
Шварц |
| b |
|
Л. |
| 1 |
|
702 1 |
| a |
|
Слова народные |
| 4 |
|
520 |
| 1 |
|
702 1 |
| a |
|
Флярковский |
| b |
|
А. |
| 4 |
|
030 |
| 464 |
Аналитический уровень |
_0 |
| 1 |
|
2001 |
| a |
|
Розы Геренчера |
| e |
|
Мимо Геренчера еду в час вечерний... |
| e |
|
венг. нар. песня |
| 1 |
|
702 1 |
| a |
|
Барток |
| b |
|
Б. |
| 4 |
|
030 |
| 1 |
|
702 1 |
| a |
|
Сикорская |
| b |
|
Т. |
| 4 |
|
730 |
| 464 |
Аналитический уровень |
_0 |
| 1 |
|
2001 |
| a |
|
Как-то раз в лесу гуляла |
| e |
|
Как-то раз в лесу гуляла... |
| e |
|
фр. нар. песня |
| 1 |
|
702 1 |
| a |
|
Зикс |
| b |
|
И. |
| 4 |
|
030 |
| 464 |
Аналитический уровень |
_0 |
| 1 |
|
2001 |
| a |
|
Пляска на полях сомбреро |
| e |
|
Зажжётся вечером огней река... |
| e |
|
мексик. нар. песня |
| 1 |
|
702 1 |
| a |
|
Сикорская |
| b |
|
Т. |
| 4 |
|
730 |
| 1 |
|
702 1 |
| a |
|
Боттфорд |
| b |
|
Ф. |
| 4 |
|
030 |
| 464 |
Аналитический уровень |
_0 |
| 1 |
|
2001 |
| a |
|
Полянка |
| e |
|
рус. нар. песня |
| 1 |
|
702 1 |
| a |
|
Кудрин |
| b |
|
Б. |
| 4 |
|
030 |
| 464 |
Аналитический уровень |
_0 |
| 1 |
|
2001 |
| a |
|
У костра |
| 1 |
|
700 1 |
| a |
|
Назаренко |
| b |
|
И. |
| 464 |
Аналитический уровень |
_0 |
| 1 |
|
2001 |
| a |
|
Шагай, пионерия |
| 1 |
|
700 1 |
| a |
|
Гуськов |
| b |
|
А. |
| 464 |
Аналитический уровень |
_0 |
| 1 |
|
2001 |
| a |
|
Я сестричек позову |
| e |
|
пол. нар. песня |
| 1 |
|
702 1 |
| a |
|
Гуськов |
| b |
|
А. |
| 4 |
|
030 |
| 464 |
Аналитический уровень |
_0 |
| 1 |
|
2001 |
| a |
|
Киргизская песня |
| 1 |
|
702 1 |
| a |
|
Назаренко |
| b |
|
И. |
| 4 |
|
030 |
| 464 |
Аналитический уровень |
_0 |
| 1 |
|
2001 |
| a |
|
Айра |
| e |
|
башк. танец |
| 464 |
Аналитический уровень |
_0 |
| 1 |
|
2001 |
| a |
|
Украинский танец |
| 464 |
Аналитический уровень |
_0 |
| 1 |
|
2001 |
| a |
|
Бамовский вальс |
| e |
|
Парень взял аккордеон... |
| 1 |
|
700 1 |
| a |
|
Туликов |
| b |
|
С. |
| 1 |
|
702 1 |
| a |
|
Пляцковский |
| b |
|
М. |
| 4 |
|
520 |
| 464 |
Аналитический уровень |
_0 |
| 1 |
|
2001 |
| a |
|
Беловежская пуща |
| e |
|
Заповедный мотив, заповедная даль... |
| 1 |
|
700 1 |
| a |
|
Пахмутова |
| b |
|
А. |
| 1 |
|
702 1 |
| a |
|
Добронравов |
| b |
|
Н. |
| 4 |
|
520 |
| 464 |
Аналитический уровень |
_0 |
| 1 |
|
2001 |
| a |
|
Найди себе друга |
| e |
|
Смотрит ли в окна рассвет... |
| e |
|
из кф. "Фантазии Веснухина" |
| 1 |
|
700 1 |
| a |
|
Зацепин |
| b |
|
А. |
| 1 |
|
702 1 |
| a |
|
Дербенёв |
| b |
|
Л. |
| 4 |
|
520 |
| 1 |
|
50010 |
| a |
|
Фантазии Веснухина |
| 464 |
Аналитический уровень |
_0 |
| 1 |
|
2001 |
| a |
|
Курочка |
| e |
|
рус. нар. песня |
| 1 |
|
702 1 |
| a |
|
Кудрин |
| b |
|
Б. |
| 4 |
|
030 |
| 464 |
Аналитический уровень |
_0 |
| 1 |
|
2001 |
| a |
|
Игрушечный вальс |
| 1 |
|
700 1 |
| a |
|
Гуськов |
| b |
|
А. |
| 464 |
Аналитический уровень |
_0 |
| 1 |
|
2001 |
| a |
|
Армянская песня |
| 1 |
|
702 1 |
| a |
|
Назаренко |
| b |
|
И. |
| 4 |
|
030 |
| 512 |
Заглавие обложки |
1_ |
| a |
Заглавие обложки |
Пение в школе |
| 606 |
Тематические рубрики |
0_ |
| a |
Основная рубрика |
Песни детские |
| x |
Основная подрубрика |
Учебные пособия |
| 610 |
Ключевые слова |
0_ |
| a |
Ключевые слова |
песни детские |
| 610 |
Ключевые слова |
0_ |
| a |
Ключевые слова |
учебные пособия |
| 686 |
Индексы других классификаций |
__ |
| a |
Классификационный индекс |
85.98я71 |
| 2 |
Код системы |
rubbk |
| 702 |
Вторичная интеллектуальная ответственность |
_1 |
| a |
Фамилия |
Зикс |
| b |
Имя (инициалы) |
И. |
| 4 |
Код отношения |
220 |
| 4 |
Код отношения |
030 |
| 801 |
Источник записи |
_0 |
| a |
Страна |
RU |
| b |
Организация |
Ульяновская ОНБ |
| c |
Дата составления |
20210907 |
| g |
Правила каталогизации |
RCR |
| 801 |
Источник записи |
_1 |
| a |
Страна |
RU |
| b |
Организация |
Ульяновская ОНБ |
| c |
Дата составления |
20210907 |
| g |
Правила каталогизации |
RCR |
| 901 |
Тип документа |
__ |
| t |
Тип документа |
n |
| w |
Контрольный № источника |
RU/УОНБ/EK_N/683901462 |
| 909 |
Создатель записи |
__ |
| a |
Создатель записи |
Лобина Л. И. |
| 938 |
Служебная информация |
__ |
| a |
Имя БД |
noti |
| b |
Имя библиотеки |
УОНБ |
| c |
Имя АИБС |
МАРК-SQL |
| d |
Номер DOC_ID в БД |
24505 |